LEADER 03534nas1 22006613i 450 001 RAV0117105 005 20251003044325.0 017 70$aP 00001366$2P 020 $aIT$b1955 5141 090 $a415630 100 $a19901119b19551959||||0itac50 ba 101 | $aita 102 $ait 110 $aazu|||||||| 181 1$6z01$ai $bxxxe 182 1$6z01$an 183 1$6z01$anc$2RDAcarrier 200 1 $aNotizie AIB$ebollettino dell'Associazione italiana per le biblioteche 207 0$aA. 1, n. 1 (gen./mar. 1955)-a. 5, n. 1/2 (gen./giu. 1959) 210 $aRoma$c[s. n.]$d1955-1959 215 $a 5 volumi$d 23 cm 300 $aTrimestrale 300 $aDal: A. 2, n. 3 (1956) il complemento del titolo varia in : bollettino trimestrale dell'Associazione italiana per le biblioteche 300 $aIndici 1955-1959. 440 1 $1001CFI0209050$12001 $aBollettino d'informazioni$fAssociazione italiana biblioteche 463 1$1001IEI0359826$12001 $aˆUno ‰sciopero$fVirginia Carini Dainotti$v1-2(1957) 530 1 $aNotizie AIB$9UFE1013307 606 $aBiblioteconomia$xPeriodici$2FIR$3CFIC032411$9E 606 $aASSOCIAZIONE ITALIANA BIBLIOTECHE$xAttivita$x1955-1959$2FIR$3NAPC119078$9I 676 $a020.5$9$v20 676 $a020.5$9BIBLIOTECONOMIA E SCIENZA DELL'INFORMAZIONE. Pubblicazioni in serie$v21 676 $a020.5$9BIBLIOTECONOMIA E SCIENZA DELL'INFORMAZIONE. Pubblicazioni in serie$v22 676 $a020.62245$9BIBLIOTECONOMIA E SCIENZA DELL'INFORMAZIONE. ORGANIZZAZIONI PERMANENTI NON STATALI SU SCALA NAZIONALE. ITALIA$v19 676 $a020.62245$9ORGANIZZAZIONI NON GOVERNATIVE DI BIBLIOTECONOMIA E SCIENZA DELL'INFORMAZIONE, IN ITALIA$v20 676 $a020.62245$9BIBLIOTECONOMIA E SCIENZA DELL'INFORMAZIONE. ORGANIZZAZIONI PERMANENTI NAZIONALI NON STATALI. Italia$v21 696 $aScienze bibliotecarie$aPubblicazioni periodiche$aRiviste 699 $aBiblioteconomia$yScienze bibliotecarie 699 $aPeriodici$yPubblicazioni periodiche 699 $aPeriodici$yRiviste 712 02$aAssociazione italiana biblioteche$3CFIV014188 791 02$aAIB$c $3CFIV148638$zAssociazione italiana biblioteche 791 02$aAIB$c $3CFIV200417$zAssociazione italiana biblioteche 791 02$aAIB$c $3CFIV148638$zAssociazione italiana biblioteche 801 3$aIT$bIT-000000$c19901119 850 $aIT-NA0079 $aIT-NA0070 $aIT-NA0120 $aIT-AV0045 $aIT-NA0660 $aIT-NA0097 901 $bNAP MV$cG $nDEPOSITO LIBRARIO PERIODICI SALA G 901 $bNAP BN$cPER.ITAL. $nFondo librario esculso dal servizio di prestito. La consultazione dei documenti avviene presso la Sezione Periodici 901 $bNAP BU$cPER. $nPeriodici. 901 $bNAP SP$cPER. $nPERIODICI 901 $bNAP PC$cMISC. $nRaccoglie documenti di vari argomenti non ascrivibili alle sezioni già esistenti 901 $bNAP BN$cF.PONTIERI$nIl Fondo è escluso dal servizio di prestito. La consegna dei documenti è effettuata dall'Ufficio Distribuzione 901 $bNAP BN$cGUERRIERI $nCatalogazione completata 901 $bNAP BN$cL.P. $n$ 912 $aRAV0117105 967 $m1 977 $a 01$a 46$a 47$a 68$a 77$a 84$a BN$a BS$a BU$a CE$a CN$a CR$a DP$a DV$a IR$a ME$a MV$a NC$a PB$a PC$a SP 996 $aNotizie A.I.B$9104140 997 $aUNISANNIO